[Event "Europa ch s-18"]
[Site "Herceg Novi MNT"]
[Date "2008.09.24"]
[Round "9.33"]
[White "Pasku, Llambi"]
[Black "Vukcevic, Nemanja"]
[Result "0-1"]
[WhiteElo "2086"]
[BlackElo "1884"]
[PlyCount "33"]
[EventDate "2008.09.15"]
[EventType "swiss"]
[EventRounds "9"]
[Source "lmi"]
[SourceDate "2008.09.15"]

1. e4 c5 2. Nf3 d6 3. d4 cxd4 4. Nxd4 Nf6 5. Nc3 a6 6. Be2 e5 7. Nb3 Be6 8. O-O
Be7 9. Be3 Nbd7 10. Kh1 Qc7 11. f4 b5 12. Bf3 Rc8 13. Rc1 Nb6 14. f5 Bc4 15.
Re1 O-O 16. g4 b4 17. Nb1 0-1